| 000 | 03241nam a2200517 i 4500 | ||
|---|---|---|---|
| 001 | 196180 | ||
| 003 | ES-MaACL | ||
| 005 | 20250809052936.0 | ||
| 008 | 240817s2021 sp a | |||| 001 0 spa | ||
| 015 | _aMON23 | ||
| 017 |
_aM 10540-2021 _bOficina Depósito Legal Madrid |
||
| 020 | _a9788412034769 | ||
| 035 | _a(SpMaBN)a7244395 | ||
| 035 | _a991047618009708606 | ||
| 040 |
_aSpMaBN _bspa _cSpMaBN _erda |
||
| 080 | _a929 Guillermo (430) II | ||
| 080 | _a94(100)"1914/18" | ||
| 080 | _a341.322.5 | ||
| 080 | _a341.4 | ||
| 100 |
_aSchabas, William A _9238441 _eaut |
||
| 240 | 1 | 4 |
_aThe trial of the Kaiser _lEspañol |
| 245 | 1 | 3 |
_aEl juicio del Káiser / _cWilliam A. Schabas ; presentación, Joaquín González Ibáñez ; prólogo, Juan Carlos Sainz Borgo ; traducción, Nuria Brufau Alvira. |
| 264 | 1 |
_a[Madrid] : _bBerg Institute, _c[2021]. |
|
| 264 | 4 | _c©2021 | |
| 300 |
_a555 páginas : _bilustraciones (blanco y negro y color) ; _c24 cm. |
||
| 336 |
_aTexto _2rdacontent |
||
| 337 |
_asin mediación _2rdamedia |
||
| 338 |
_avolumen _2rdacarrier |
||
| 490 | 1 |
_aBiblioteca literatura y derechos humanos ; _v13 |
|
| 504 | _aBibliografía: páginas 535-544. Índices | ||
| 520 | _aEl profesor William Schabas presenta en El juicio del káiser un relatodinámico e inédito en torno a cómo los vencedores de la Primera Guerra Mundial acusaron por primera vez a un jefe de Estado, el káiser Guillermo II, como responsable penal por la comisión de delitos de acuerdo con una nueva interpretación del derecho internacional. La negociación del Tratado de Versalles se articuló sobre procesos geopolíticos, jurídicos y psicológicos que enmarcaron la redacción del artículo 227 por el que Alemania aceptaba que fuera juzgado el káiser por «un crimen supremo contra la moralidad internacional y la santidad de los tratados», mandato jurídico que estaba contemporáneamente formulado en un lenguaje tan ampuloso y abstracto como imposible de aplicar jurídicamente. «El juicio del káiser no es simplemente un libro de derecho internacional o de historia del periodo entre guerras. Esta obra navega por el relato de uno de los capítulos fundamentales del siglo XX y lo hace con una brújula que sabe marcar claramente los diferentes puntos cardinales de esta disciplina: el derecho internacional, las relaciones internacionales, la historia y la política». Juan Carlos Sainz Borgo | ||
| 600 | 0 | 4 |
_aGuillermo II, _cEmperador de Alemania _960805 |
| 650 | 4 |
_aGuerra mundial, 1914-1918 _913212 |
|
| 650 | 7 |
_aCrímenes de guerra _9135843 |
|
| 650 | 7 |
_aDerecho internacional penal _9135888 |
|
| 700 |
_aBrufau Alvira, Nuria, _d1980- _9238433 _etrl |
||
| 700 |
_aSainz-Borgo, Juan Carlos _9238464 _eaui |
||
| 700 |
_aGonzález Ibáñez, Joaquín, _d1970- _9238427 _eaui |
||
| 830 | 0 |
_aBiblioteca literatura y derechos humanos _v13 _9238888 |
|
| 852 |
_aES-MaACL _bR.154544 _cDEPOJ _jN-9255 _hDonación: Editorial _xEncuadernación cartoné _9205209 |
||
| 942 |
_cMONOGRAFIA _n0 |
||
| 999 |
_c196180 _d196180 |
||